00321 a2200121 4500020001800000082001800018100002100036245001400057260004100071300003200112650003500144710002000179 a9789968673662 a861.82bB664s aBoccanera, Jorge aSordomuda aCosta RicabEditorial Germinalc2012 a62 p.bill (a color)c21 cm aLiteraturavPoesa̕zArgentina aJorge Boccanera